TMD and Orthodontics: A clinical guide for the orthodontist (Record no. 20942)

MARC details
000 -LEADER
fixed length control field 00396nam a22001577a 4500
003 - CONTROL NUMBER IDENTIFIER
control field SGT
020 ## - INTERNATIONAL STANDARD BOOK NUMBER
International Standard Book Number 978-3319197814
082 ## - DEWEY DECIMAL CLASSIFICATION NUMBER
Classification number 617.643
Item number T17K
100 ## - MAIN ENTRY--PERSONAL NAME
Personal name Sanjivan Kandasamy
245 ## - TITLE STATEMENT
Title TMD and Orthodontics: A clinical guide for the orthodontist
250 ## - EDITION STATEMENT
Edition statement 1st
260 ## - PUBLICATION, DISTRIBUTION, ETC. (IMPRINT)
Place of publication, distribution, etc NEW DELHI
Name of publisher, distributor, etc Springer Publisher
Year of Publication 2015
300 ## - PAGE DESCRIPTION
No. of Pages 1-148
650 ## - SUBJECT ADDED ENTRY--TOPICAL TERM
Topical term or geographic name as entry element ORTHODONTICS
942 ## - ADDED ENTRY ELEMENTS (KOHA)
Source of classification or shelving scheme Dewey Decimal Classification
Koha item type Books
Holdings
Withdrawn status Lost status Source of classification or shelving scheme Damaged status Not for loan Home library Current library Shelving location Date acquired Vendor Name Cost, normal purchase price SGTU Bill Number Total Checkouts Full call number Accession No. (Barcode) Date last seen Bill Date Koha item type
    Dewey Decimal Classification     SGT Dental Library SGT Dental Library Reference Book 09/03/2021 AHUJA BOOK COMPANY 10991.00 SGTU 12770   617.643 T17K FD8392 09/03/2021 26/02/2021 Books